Statistiques concernant Pays et capitales mondiales commençant par A

Cliquez ici pour prendre le quiz!

Statistiques générales

  • Ce quiz a été pris 2 283 fois
    (1 631 depuis la dernière actualisation)
  • Le résultat moyen est 17 sur 29

Statistiques - réponses

pays / capitale% Correct
Alger
86%
Algérie
81%
Arménie
80%
Andorre
78%
Albanie
77%
Allemagne
76%
Australie
76%
Azerbaïdjan
73%
Angola
69%
Argentine
69%
Autriche
68%
Afghanistan
67%
Antigua-et-Barbuda
62%
Andorre-la-Vieille
60%
Afrique du Sud
59%
Ankara
57%
Arabie Saoudite
57%
Amsterdam
48%
Antananarivo
47%
Addis-Abeba
45%
Accra
40%
Amman
39%
Athènes
39%
Asunción
37%
Abou Dabi
36%
Asmara
35%
Abuja
33%
Achgabat
32%
Apia
29%

Distribution des résultats

Percentile par nombre de réponses

% des personnes avec chaque résultat

Votre développement - résultats

Vous n’avez pas pris ce quiz depuis la dernière actualisation